000
00231nam a2200097Ia 4500
008
170619s9999 xx 000 0 und d
100
_a
Srinath- L S
245
0
_a
Advanced mechanics of solids
260
_b
New delhi; T M H
260
_c
2003
546
_a
ENGLISH
999
_c
18000
_d
18000